Welcome to the Holygrace Academy Library

Please use search bar below to get started

HOW TO ACHIEVE (Record no. 4093)

MARC details
000 -LEADER
fixed length control field 00251nam a22001217a 4500
082 ## - DEWEY DECIMAL CLASSIFICATION NUMBER
Classification number 425
Item number RAI/H
100 ## - MAIN ENTRY--AUTHOR NAME
Personal name RAI,AJAY
245 ## - TITLE STATEMENT
Title HOW TO ACHIEVE
260 ## - PUBLICATION, DISTRIBUTION, ETC. (IMPRINT)
Place of publication DELHI
Name of publisher ORIENT PAPERBACKS
300 ## - PHYSICAL DESCRIPTION
Number of Pages 175
650 ## - SUBJECT ADDED ENTRY--TOPICAL TERM
Topical Term WORD POWER
Geographic subdivision DELHI
942 ## - ADDED ENTRY ELEMENTS (KOHA)
Koha item type Books
Holdings
Withdrawn status Lost status Collection code Home library Current library Shelving location Date acquired Source of acquisition Full call number Accession Number Koha item type
    Reference Main Library Main Library SHELF-16C -ENGLISH GRAMMAR SYNONYMS7ANTONYMS,LETTERS, ETC 15/05/2004 PURCHASE 425 RAI/H 00796 Books